| 000 | 00443nam a2200181Ia 4500 | ||
|---|---|---|---|
| 008 | 230524s9999 xx 000 0 und d | ||
| 020 | _a9788131510315 | ||
| 082 |
_a658.12 _bGID |
||
| 100 |
_aJack Gido _932056 |
||
| 245 | 0 | _aProject Management | |
| 250 | _aIST | ||
| 260 |
_aNEW DELHI _bCengage _c2007 |
||
| 300 | _aVIII;371 | ||
| 500 | _aQuantity Number: 4 | ||
| 650 | _aManagement | ||
| 700 |
_a James P.Clements _932055 |
||
| 942 | _cBK | ||
| 999 |
_c46017 _d46017 |
||